Top 15 Covid-19 getroffen landen - 30 mei - Statistieken

Algemene statistieken
  • Deze quiz is 4 keer genomen
  • De gemiddelde score is 13 van 25
Antwoordstatistieken
land % Correct
België
100%
Duitsland
100%
India
100%
Italië
100%
Verenigde Staten
100%
Verenigd Koninkrijk
100%
Brazilië
75%
Canada
75%
Mexico
75%
Rusland
75%
Spanje
75%
Frankrijk
50%
Turkije
50%
Zweden
50%
Zwitserland
50%
Ierland
25%
Iran
25%
Peru
25%
Wit-Rusland
25%
Bahrein
0%
Chili
0%
Chili
0%
Koeweit
0%
Qatar
0%
Singapore
0%
Geen overeenkomende quizzen gevonden
Scoreverdeling
Procent van Mensen met Elke Score
Percentiel versus Aantal Correcte Antwoorden
Uw Scoregeschiedenis
U heeft deze quiz nog niet genomen